000 00450nam a2200169 i 4500
001 104740
003 ES-MaACL
005 20230906183657.0
007 t|
008 051212s1968 sp ||||1| spa d
100 1 _aMiracle, José.
_981470
245 1 0 _aPompeu Fabra /
_cJosé Miracle.
260 _aBarcelona :
_bAymá,
_c1968.
300 _a602 p. :
_bil. ;
_c23 cm.
600 0 4 _aFabra, Pompeu.
_948525
852 _aES-MaACL
_jC-47938
_bR.68576
999 _c104740
_d104740